000 00714nam a2200289Ia 4500
005 20260324121530.0
008 008 260324s9999 xx 000 0 eng d
020 _a9780203716052
037 _aEBOOK
040 _aCRL
040 _beng
040 _cCRL
041 _2eng
041 _aeng
084 _qCRL
100 _aJackson Maogoto
_91162873
245 0 _aTechnology and the Law on the Use of Force
245 0 _bNew Security Challenges in the Twenty-First Century
260 _bTaylor and Francis
260 _c2014
365 _a
365 _b240
856 _uhttp://www.taylorfrancis.com/books/9780203716052
942 _cEBOOK
999 _c1755053
_d1755053